000 00616nam a2200181 i 4500
001 48343
003 ES-MaACL
005 20230906161734.0
007 t|
008 950717s1877 fr ||||1| fre d
040 _aCAM
_bspa
_cCAM
100 1 _aDarmesteter, Arsène (
_d1846-1888)
_942735
245 1 0 _aDe la création actuelle de mots nouveaux dans la langue française et des lois qui la régissent /
_cpar A. Darmesteter.
260 _aParis :
_bF. Vieweg,
_c1877 (
_ftypographie Lahure)
300 _a[2], 307 p. ;
_c22 cm.
650 0 4 _aLengua francesa-
_xEtimología.
_914216
852 _aES-MaACL
_jT-373-F-10
999 _c48343
_d48343